Statistiche per Stemmi Squadre di calcio - UEFA - Quiz n°8

Clicka qui per fare il quiz!

Statistiche generali

  • Questo quiz è stato fatto 60 volte
  • Il punteggio medio è 8 su 10

Statistiche sulle risposte

Risposta% Corretto
Chelsea Football Club
100%
Football Club Internazionale Milano
94%
Hellas Verona Football Club
94%
Olympique Gymnaste Club de Nice Côte d'Azur
93%
Futbol'nyj Klub Dynamo Kyïv
89%
Athlītikī Enōsis Kōnstantinoupoleōs
85%
Fußball-Club Gelsenkirchen-Schalke 04
72%
Real Zaragoza
57%
Royale Union Saint-Gilloise
48%
Grenoble Foot 38
31%

Distribuzione punteggi

Percentile per numero di risposta

Percentuale di utenti per punteggio

I tuoi punteggi nel tempo

Non hai fatto questo quiz